Statistics for Madonna - Fill in the Blanks - Song Titles

Click here to take the quiz!

General Stats

  • This quiz has been taken 61 times
  • The average score is 11 of 15

Answer Stats

TitleMissing Words% Correct
Material ____Girl
98%
____ Don't PreachPapa
96%
La Isla ______Bonita
92%
Justify My ____Love
90%
Like a ______ / ______Virgin / Prayer
90%
Express ________Yourself
85%
Die _______ DayAnother
81%
Ray of _____Light
79%
Into the ______Groove
73%
Lucky ____Star
63%
____ Your HeartOpen
60%
Take a ___Bow
58%
Live to ____Tell
58%
_____ for YouCrazy
56%
4 _______Minutes
56%

Score Distribution

Percentile by Number Answered

Percent of People with Each Score

Your Score History

You have not taken this quiz